Intenzifikace ekonomiky a chozrasčot k teoretickým východiskům

Saved in:
Bibliographic Details
Main Author: Dvořák, Jiří
Format: Book
Language:Czech
Published: Praha Academia 1982
Tags: Add Tag
No Tags, Be the first to tag this record!

MARC

LEADER 00000nam a2200000 4500
001 c138113
005 20041019155312.0
041 0 |a cze 
044 |a CZ 
245 1 0 |a Intenzifikace ekonomiky a chozrasčot  |b k teoretickým východiskům  |c Jiří Dvořák 
264 1 |a Praha  |b Academia  |c 1982 
300 |a 233 s. 
100 1 |a Dvořák, Jiří